[Event "SVK-ch Amateurs"]
[Site "Liptovsky Jan"]
[Date "2023.06.18"]
[Round "8"]
[White "Holicky, Miroslav"]
[Black "Haasova, Timea"]
[Result "1-0"]
[WhiteElo "1763"]
[BlackElo "1844"]
[PlyCount "61"]
[EventDate "2023.06.15"]
[EventType "swiss"]
[EventRounds "8"]
[EventCountry "SVK"]
[SourceTitle "CBM 214 Extra"]
[Source "ChessBase"]
[SourceDate "2023.07.31"]
[SourceVersion "1"]
[SourceVersionDate "2023.07.31"]
[SourceQuality "1"]

1. e4 c5 2. c4 g6 3. g3 Bg7 4. Nc3 Nc6 5. Bg2 e6 6. d3 Nge7 7. Nge2 0-0 8. Be3 d6 9. 0-0 Nd4 10. Qd2 Nec6 11. h3 e5 12. f4 f5 13. Nd5 Nxe2+ 14. Qxe2 Nd4 15. Qd2 Rb8 16. Bxd4 cxd4 17. a4 fxe4 18. dxe4 Be6 19. fxe5 dxe5 20. Rxf8+ Qxf8 21. Rf1 Qc5 22. b3 Rf8 23. Kh2 Rxf1 24. Bxf1 Qf8 25. Bg2 Bh6 26. Qd3 Qf2 27. Qf3 Qxf3 28. Bxf3 Kf7 29. Nb4 a6 30. Nd3 Bg7 31. Bd1 1-0

[Event "SVK-ch Amateurs"]
[Site "Liptovsky Jan"]
[Date "2023.06.15"]
[Round "1"]
[White "Cervenka, Robert"]
[Black "Holicky, Miroslav"]
[Result "0-1"]
[WhiteElo "1000"]
[BlackElo "1763"]
[PlyCount "50"]
[EventDate "2023.06.15"]
[EventType "swiss"]
[EventRounds "8"]
[EventCountry "SVK"]
[SourceTitle "CBM 214 Extra"]
[Source "ChessBase"]
[SourceDate "2023.07.31"]
[SourceVersion "1"]
[SourceVersionDate "2023.07.31"]
[SourceQuality "1"]

1. d4 d5 2. c4 c6 3. cxd5 cxd5 4. Bf4 Nc6 5. e3 Qb6 6. Qc1 Bf5 7. a3 Nf6 8. Nc3 Rc8 9. Nf3 e6 10. Be2 Be7 11. 0-0 0-0 12. h3 Na5 13. Ra2 Ne4 14. Nd2 Nxc3 15. bxc3 Qc6 16. e4 Bxe4 17. Nxe4 dxe4 18. Rc2 Nb3 19. Qd1 Rfd8 20. Be3 e5 21. Rb2 Na5 22. Rc2 Nc4 23. Bg4 Rc7 24. Qe2 Nxa3 25. Ra2 Nb5 0-1

[Event "SVK-chT2A 2223"]
[Site "Slovakia"]
[Date "2022.10.08"]
[Round "1.8"]
[White "Mezes, Kristof"]
[Black "Holicky, Miroslav"]
[Result "0-1"]
[WhiteElo "1771"]
[BlackElo "1760"]
[PlyCount "68"]
[EventDate "2022.10.08"]
[EventType "team-tourn"]
[EventRounds "11"]
[EventCountry "SVK"]
[SourceTitle "CBM 210 Extra"]
[Source "ChessBase"]
[SourceDate "2022.11.30"]
[SourceVersion "1"]
[SourceVersionDate "2022.11.30"]
[SourceQuality "1"]
[WhiteTeam "Dunajska Streda II"]
[BlackTeam "Trnava Lokomotiva"]
[WhiteTeamCountry "SVK"]
[BlackTeamCountry "SVK"]

1. d4 d5 2. c4 e6 3. Nf3 c6 4. Nc3 Nf6 5. Bg5 h6 6. Bh4 Be7 7. e3 Nbd7 8. Be2 dxc4 9. Bxc4 b5 10. Bd3 Bb7 11. Bg3 a6 12. 0-0 c5 13. Rc1 Qb6 14. Be2 0-0 15. Ne5 cxd4 16. exd4 Rfd8 17. Qd3 Nxe5 18. Bxe5 Rd7 19. Rfd1 Rad8 20. Bf3 Bxf3 21. Qxf3 Qb7 22. Qxb7 Rxb7 23. Ne2 Nd5 24. Nc3 f6 25. Bg3 f5 26. Nxd5 Rxd5 27. Rc6 Rbd7 28. Rxe6 Rxd4 29. Rxd4 Rxd4 30. Kf1 Kf7 31. Be5 Rd1+ 32. Ke2 Kxe6 33. Kxd1 Kxe5 34. b3 Ke4 0-1

[Event "Piestany Slovakia op"]
[Site "Piestany"]
[Date "2021.07.15"]
[Round "6"]
[White "Hujo, Jozef"]
[Black "Holicky, Miroslav"]
[Result "0-1"]
[WhiteElo "1926"]
[BlackElo "1794"]
[PlyCount "96"]
[EventDate "2021.07.10"]
[EventType "swiss"]
[EventRounds "9"]
[EventCountry "SVK"]
[SourceTitle "CBM 203 Extra"]
[Source "ChessBase"]
[SourceDate "2021.09.30"]
[SourceVersion "1"]
[SourceVersionDate "2021.09.30"]
[SourceQuality "1"]

1. d4 d5 2. Bf4 Nf6 3. e3 c5 4. Nf3 Nc6 5. c3 Qb6 6. Qb3 c4 7. Qc2 Bf5 8. Qc1 g6 9. Nbd2 Bg7 10. h3 Qd8 11. Be2 0-0 12. 0-0 b5 13. g4 Bc8 14. b3 h5 15. Ne5 Nxe5 16. dxe5 Nd7 17. bxc4 hxg4 18. hxg4 bxc4 19. Nf3 f6 20. exf6 Rxf6 21. Rd1 Qe8 22. Rxd5 Bb7 23. Bxc4 Kf8 24. Ng5 e5 25. Nh7+ Ke7 26. Qa3+ Kd8 27. Rxd7+ Qxd7 28. Nxf6 Bxf6 29. Qf8+ Kc7 30. Qc5+ Kd8 31. Qf8+ Kc7 32. Qxf6 Qxg4+ 33. Bg3 Qxc4 34. Qxe5+ Kb6 35. Qd6+ Bc6 36. Qc7+ Ka6 37. Qe5 Rd8 38. Qe7 Rh8 39. Qa3+ Kb7 40. Qb2+ Ka8 41. f3 Bxf3 42. Kf2 Bb7 43. Rb1 Qf7+ 44. Ke1 Rh1+ 45. Kd2 Qd5+ 46. Ke2 Qg2+ 47. Bf2 Qf3+ 48. Kd3 Be4+ 0-1

[Event "Liptovsky Jan Slovak op U2200"]
[Site "Liptovsky Jan"]
[Date "2021.06.20"]
[Round "7"]
[White "Holicky, Miroslav"]
[Black "Vastik, Lukas"]
[Result "1-0"]
[WhiteElo "1790"]
[BlackElo "1544"]
[PlyCount "89"]
[EventDate "2021.06.17"]
[EventType "swiss"]
[EventRounds "7"]
[EventCountry "SVK"]
[SourceTitle "CBM 203 Extra"]
[Source "ChessBase"]
[SourceDate "2021.09.30"]
[SourceVersion "1"]
[SourceVersionDate "2021.09.30"]
[SourceQuality "1"]

1. e4 e5 2. Nf3 Nc6 3. d4 exd4 4. Nxd4 d6 5. Nc3 Nf6 6. Be2 Be7 7. Be3 a6 8. 0-0 0-0 9. f4 Nd7 10. Nd5 Nc5 11. Nxc6 bxc6 12. Nxe7+ Qxe7 13. Bxc5 dxc5 14. Bf3 Rb8 15. Rb1 Qf6 16. Qc1 Qd4+ 17. Kh1 Bb7 18. c3 Qc4 19. b3 Qe6 20. Qc2 Rfe8 21. Rbe1 a5 22. e5 c4 23. f5 Qe7 24. Qf2 cxb3 25. f6 Qf8 26. axb3 Ba6 27. c4 Rxb3 28. Be4 g6 29. Qh4 Re6 30. Rf5 h6 31. Qg4 Kh7 32. Rh5 Bc8 33. Qf4 a4 34. g4 a3 35. g5 a2 36. Rxh6+ Qxh6 37. gxh6 c5 38. Ra1 Ra6 39. Qd2 Bb7 40. Rxa2 Bxe4+ 41. Kg1 Rb1+ 42. Kf2 Rxa2 43. Qxa2 Kxh6 44. Qd2+ Kh5 45. Qe2+ 1-0

[Event "Liptovsky Jan Slovak op U2200"]
[Site "Liptovsky Jan"]
[Date "2021.06.19"]
[Round "5"]
[White "Bella, Lubomir"]
[Black "Holicky, Miroslav"]
[Result "0-1"]
[WhiteElo "1600"]
[BlackElo "1790"]
[PlyCount "86"]
[EventDate "2021.06.17"]
[EventType "swiss"]
[EventRounds "7"]
[EventCountry "SVK"]
[SourceTitle "CBM 203 Extra"]
[Source "ChessBase"]
[SourceDate "2021.09.30"]
[SourceVersion "1"]
[SourceVersionDate "2021.09.30"]
[SourceQuality "1"]

1. e4 d5 2. exd5 Nf6 3. Nc3 Nxd5 4. Nxd5 Qxd5 5. Nf3 Nc6 6. d4 Bg4 7. Be3 0-0-0 8. c3 e5 9. Be2 e4 10. Nd2 Bxe2 11. Qxe2 f5 12. f3 exf3 13. Qxf3 Qd7 14. 0-0 g6 15. Rae1 Bg7 16. Bf2 a6 17. Kh1 Rde8 18. Rxe8+ Rxe8 19. Re1 Rxe1+ 20. Bxe1 Qe6 21. Qd1 Qxa2 22. Qb1 Qxb1 23. Nxb1 Ne7 24. Nd2 Nd5 25. Nf3 Nf4 26. Bd2 Nd3 27. b4 b5 28. Kg1 Kd7 29. Kf1 Kd6 30. Ke2 Nb2 31. h4 Kd5 32. g3 Kc4 33. Ne5+ Bxe5 34. dxe5 Kd5 35. Bf4 c6 36. Be3 Kxe5 37. Bd4+ Ke4 38. Bf6 Na4 39. Bg7 c5 40. Bf6 cxb4 41. cxb4 Nb6 42. Bc3 Nd5 43. Bd2 Kd4 0-1

[Event "Liptovsky Jan Slovak op U2200"]
[Site "Liptovsky Jan"]
[Date "2021.06.18"]
[Round "3"]
[White "Kucik, Patrik"]
[Black "Holicky, Miroslav"]
[Result "0-1"]
[WhiteElo "1538"]
[BlackElo "1790"]
[PlyCount "36"]
[EventDate "2021.06.17"]
[EventType "swiss"]
[EventRounds "7"]
[EventCountry "SVK"]
[SourceTitle "CBM 203 Extra"]
[Source "ChessBase"]
[SourceDate "2021.09.30"]
[SourceVersion "1"]
[SourceVersionDate "2021.09.30"]
[SourceQuality "1"]

1. e4 d5 2. exd5 Nf6 3. Nc3 Nxd5 4. Nxd5 Qxd5 5. Nf3 Nc6 6. Be2 e5 7. d3 Bf5 8. Be3 h6 9. a3 g5 10. c4 Qe6 11. b4 0-0-0 12. b5 Nd4 13. Nxd4 exd4 14. Bd2 Bxd3 15. Bb4 Bxc4 16. 0-0 Bxe2 17. Qa4 Kb8 18. Rfc1 d3 0-1

[Event "Drienica Saris op"]
[Site "Drienica"]
[Date "2020.08.08"]
[Round "2"]
[White "Holicky, Miroslav"]
[Black "Ihnat, Marek"]
[Result "1-0"]
[WhiteElo "1805"]
[BlackElo "2046"]
[PlyCount "81"]
[EventDate "2020.08.07"]
[EventType "swiss"]
[EventRounds "9"]
[EventCountry "SVK"]
[SourceTitle "CBM 197 Extra"]
[Source "ChessBase"]
[SourceDate "2020.09.30"]
[SourceVersion "1"]
[SourceVersionDate "2020.09.30"]
[SourceQuality "1"]

1. d4 d5 2. Nf3 f5 3. Nbd2 Nf6 4. e3 e6 5. Bd3 Bd6 6. b3 0-0 7. Bb2 c6 8. Qe2 Qe7 9. Ne5 Bd7 10. h3 Ne4 11. c3 Rf6 12. 0-0-0 Ba3 13. Kc2 Be8 14. Nf1 Bxb2 15. Kxb2 Rh6 16. f3 Nd6 17. g4 fxg4 18. Nxg4 Rh4 19. Ng3 Nd7 20. e4 h5 21. Ne3 Bg6 22. e5 Bxd3 23. Qxd3 Nb5 24. Ng2 Rf8 25. Rdf1 c5 26. Qxb5 cxd4 27. Nxh4 dxc3+ 28. Kxc3 Rc8+ 29. Kb2 Nxe5 30. Rc1 Nc6 31. Rhg1 a6 32. Qd3 Qxh4 33. Nf5 Qf6+ 34. Kb1 Qxf5 35. Qxf5 exf5 36. Rg5 Rf8 37. Rxh5 g6 38. Rg5 Kg7 39. f4 Re8 40. Rcg1 Re6 41. Rxf5 1-0

[Event "Tatry op"]
[Site "Tatranske Zruby"]
[Date "2019.10.04"]
[Round "8"]
[White "Jandourek, Lukas"]
[Black "Holicky, Miroslav"]
[Result "1-0"]
[WhiteElo "2262"]
[BlackElo "1741"]
[PlyCount "85"]
[EventDate "2019.09.28"]
[EventType "swiss"]
[EventRounds "9"]
[EventCountry "SVK"]
[SourceTitle "EXT 2020"]
[Source "ChessBase"]
[SourceDate "2019.10.17"]
[SourceVersion "1"]
[SourceVersionDate "2019.10.17"]
[SourceQuality "1"]

1. e4 d5 2. exd5 Qxd5 3. Nc3 Qd8 4. d4 Nf6 5. Bc4 a6 6. Nf3 b5 7. Bb3 c5 8. dxc5 Qxd1+ 9. Nxd1 e6 10. a4 b4 11. a5 Bxc5 12. Be3 Nbd7 13. Ba4 Bxe3 14. Nxe3 Bb7 15. Ne5 Rc8 16. 0-0-0 Rc7 17. Nxd7 Nxd7 18. Rxd7 Rxd7 19. Rd1 Bc8 20. Rd4 Ke7 21. Bxd7 Bxd7 22. Rxb4 Rc8 23. Rb6 Rc6 24. Rxc6 Bxc6 25. c4 Kd6 26. Kd2 g5 27. f3 h5 28. Nc2 Ke5 29. Nb4 Bb7 30. Ke3 Kd6 31. Nd3 e5 32. b4 f5 33. Nc5 Bc8 34. g3 f4+ 35. gxf4 gxf4+ 36. Ke4 h4 37. Nd3 Bb7+ 38. Kf5 Bc8+ 39. Kf6 e4 40. fxe4 f3 41. e5+ Kd7 42. Kf7 Kd8 43. e6 1-0

[Event "SVK-chT3A2 1819"]
[Site "Slovakia"]
[Date "2019.01.27"]
[Round "7.1"]
[White "Holicky, Miroslav"]
[Black "Malar, Pavol"]
[Result "1/2-1/2"]
[WhiteElo "1739"]
[BlackElo "2074"]
[PlyCount "145"]
[EventDate "2018.10.07"]
[EventType "team-tourn"]
[EventRounds "11"]
[EventCountry "SVK"]
[SourceTitle "EXT 2020"]
[Source "ChessBase"]
[SourceDate "2019.10.17"]
[SourceVersion "1"]
[SourceVersionDate "2019.10.17"]
[SourceQuality "1"]
[WhiteTeam "Trnava Lokomotiva III"]
[BlackTeam "Hlohovec"]
[WhiteTeamCountry "SVK"]
[BlackTeamCountry "SVK"]

1. e4 e6 2. d4 d5 3. Nc3 Bb4 4. e5 c5 5. Bd2 cxd4 6. Nb5 Bxd2+ 7. Qxd2 Nc6 8. f4 Nh6 9. Nxd4 Nxd4 10. Qxd4 Qa5+ 11. c3 Nf5 12. Qd2 Bd7 13. Bd3 d4 14. cxd4 Qxd2+ 15. Kxd2 Nxd4 16. Ke3 Nc6 17. Nf3 f6 18. Rhd1 Nb4 19. g3 Ke7 20. a3 Nd5+ 21. Ke2 Bc6 22. Nd2 fxe5 23. fxe5 Nb6 24. b4 Rad8 25. b5 Be8 26. h3 Rd5 27. Nf3 Bxb5 28. Bxb5 Rxb5 29. a4 Ra5 30. Rac1 Nd5 31. Rc4 Rxa4 32. Rxa4 Nc3+ 33. Ke1 Nxa4 34. Ra1 b5 35. Nd4 a6 36. Rc1 Kd7 37. Rc6 Ra8 38. Rd6+ Ke7 39. Rxe6+ Kf7 40. Rc6 Nb2 41. Rc7+ Kg6 42. e6 Kf6 43. Rf7+ Ke5 44. Rd7 Nd3+ 45. Kd2 Nc5 46. Nc6+ Kxe6 47. Rxg7 Ne4+ 48. Ke3 Kf6 49. Rxh7 Nxg3 50. Ra7 Rxa7 51. Nxa7 Ke6 52. Kd4 Kd6 53. Nc8+ Kc6 54. Ne7+ Kb6 55. Kc3 Kc5 56. h4 a5 57. Kb3 a4+ 58. Ka3 Kc4 59. Nc6 Kc5 60. Nb4 Kc4 61. Na2 Nh5 62. Nb4 Kc3 63. Na2+ Kc4 64. Nb4 Nf4 65. Na2 Kc5 66. Nb4 Kd6 67. Na2 Nd5 68. Nc1 Ke6 69. Nd3 Kf5 70. Nc5 Kg4 71. Nxa4 Kxh4 72. Kb3 bxa4+ 73. Kxa4 1/2-1/2

[Event "Banska Stiavnica V4 op"]
[Site "Banska Stiavnica"]
[Date "2018.07.07"]
[Round "1"]
[White "Demeter, Peter"]
[Black "Holicky, Miroslav"]
[Result "1-0"]
[WhiteElo "2146"]
[BlackElo "1765"]
[PlyCount "69"]
[EventDate "2018.07.07"]
[EventType "swiss"]
[EventRounds "9"]
[EventCountry "SVK"]
[SourceTitle "CBM 185 Extra"]
[Source "ChessBase"]
[SourceDate "2018.07.29"]
[SourceVersion "1"]
[SourceVersionDate "2018.07.29"]
[SourceQuality "1"]

1. c4 c6 2. Nf3 Nf6 3. g3 g6 4. Bg2 Bg7 5. 0-0 0-0 6. d3 d5 7. Nc3 dxc4 8. dxc4 Be6 9. Qa4 Nbd7 10. Qb4 Qb6 11. Qxe7 Rfe8 12. Qd6 Bxc4 13. Qd2 Rad8 14. Qc2 Qa6 15. Re1 Ng4 16. h3 Nge5 17. Bg5 f6 18. Be3 Nxf3+ 19. Bxf3 Ne5 20. Bg2 Be6 21. b3 Qa5 22. Rad1 Bf8 23. Ne4 Kg7 24. f4 Nf7 25. Qb2 Be7 26. Bf2 Bd5 27. Nd2 Bxg2 28. Kxg2 Nd6 29. e4 Qb5 30. Bd4 Rf8 31. e5 Qd5+ 32. Nf3 Nf5 33. exf6+ Rxf6 34. Rxe7+ Nxe7 35. Bxf6+ 1-0

[Event "SVK-chT3A2 1718"]
[Site "Slovakia"]
[Date "2018.03.04"]
[Round "10.3"]
[White "Gajarsky, Julius"]
[Black "Holicky, Miroslav"]
[Result "0-1"]
[WhiteElo "1730"]
[BlackElo "1788"]
[PlyCount "84"]
[EventDate "2017.10.08"]
[EventType "team-tourn"]
[EventRounds "11"]
[EventCountry "SVK"]
[SourceTitle "EXT 2020"]
[Source "ChessBase"]
[SourceDate "2019.10.17"]
[SourceVersion "1"]
[SourceVersionDate "2019.10.17"]
[SourceQuality "1"]
[WhiteTeam "Modranka Komplet"]
[BlackTeam "Trnava Lokomotiva III"]
[WhiteTeamCountry "SVK"]
[BlackTeamCountry "SVK"]

1. d4 d5 2. c4 c6 3. Nc3 Nf6 4. Nf3 g6 5. Bf4 Nh5 6. Bd2 Bg7 7. e3 0-0 8. Be2 dxc4 9. Bxc4 b5 10. Be2 Nd7 11. Rc1 Bb7 12. 0-0 a6 13. h3 Re8 14. Qb3 e5 15. dxe5 Nxe5 16. Nxe5 Rxe5 17. Qc2 c5 18. Bxh5 Rxh5 19. f4 Qe7 20. Rce1 b4 21. Ne2 Rd8 22. Ng3 Rhd5 23. Rf2 f5 24. Kh2 Rd3 25. Nf1 Be4 26. Qc4+ Kh8 27. Qc1 Bf6 28. g3 Bd5 29. b3 Qe4 30. g4 fxg4 31. Ng3 Qe6 32. e4 Bh4 33. Re3 Bxe4 34. Nxe4 Rxe3 35. Qb2+ Kg8 36. Nxc5 Rxh3+ 37. Kg1 Bxf2+ 38. Kxf2 Rxd2+ 39. Qxd2 Rh2+ 40. Kf1 Rxd2 41. Nxe6 Rxa2 42. Nc5 Kf7 0-1

[Event "Banska Stiavnica V4 op"]
[Site "Banska Stiavnica"]
[Date "2017.07.08"]
[Round "1"]
[White "Joo, Janos"]
[Black "Holicky, Miroslav"]
[Result "1-0"]
[WhiteElo "2123"]
[BlackElo "1818"]
[PlyCount "39"]
[EventDate "2017.07.08"]
[EventType "swiss"]
[EventRounds "9"]
[EventCountry "SVK"]
[SourceTitle "CBM 179 Extra"]
[Source "ChessBase"]
[SourceDate "2017.08.23"]
[SourceVersion "1"]
[SourceVersionDate "2017.08.23"]
[SourceQuality "1"]

1. c4 e6 2. g3 c5 3. Bg2 Nc6 4. Nf3 g6 5. d4 cxd4 6. Nxd4 Bg7 7. Nb5 a6 8. Nd6+ Kf8 9. 0-0 Nf6 10. Nc3 Ne8 11. Nce4 h6 12. Be3 Kg8 13. Qd2 f5 14. Nxe8 Qxe8 15. Nd6 Qd8 16. Rad1 Ne5 17. b3 Rb8 18. Ba7 Ra8 19. Bd4 Rb8 20. Qc3 1-0

[Event "SVK-chT4 A22 1617"]
[Site "Slovakia"]
[Date "2017.02.12"]
[Round "9.6"]
[White "Vlkovic, Pavol"]
[Black "Holicky, Miroslav"]
[Result "0-1"]
[WhiteElo "1777"]
[BlackElo "1781"]
[PlyCount "94"]
[EventDate "2016.10.09"]
[EventType "team-tourn"]
[EventRounds "11"]
[EventCountry "SVK"]
[SourceTitle "EXT 2020"]
[Source "ChessBase"]
[SourceDate "2019.10.17"]
[SourceVersion "1"]
[SourceVersionDate "2019.10.17"]
[SourceQuality "1"]

1. e4 d5 2. exd5 Qxd5 3. Nc3 Qd8 4. Bc4 Nf6 5. d3 a6 6. a3 b5 7. Bb3 Bb7 8. f3 c5 9. Qe2 e6 10. Bg5 Be7 11. Nh3 Nc6 12. Be3 Nd4 13. Bxd4 Qxd4 14. 0-0-0 0-0 15. Kb1 b4 16. axb4 cxb4 17. Na4 Nd5 18. Qe4 Qa7 19. Qe1 Rab8 20. Rd2 Bc6 21. Qf2 Qc7 22. Bxd5 Bxd5 23. b3 Qa5 24. f4 Bc6 25. Nb2 Bb5 26. Re1 Bf6 27. d4 Qa3 28. g4 g6 29. f5 exf5 30. gxf5 a5 31. fxg6 fxg6 32. Qg2 a4 33. Qd5+ Kg7 34. Nf4 Rf7 35. Ne6+ Kg8 36. Rf2 axb3 37. cxb3 Rd7 38. Qf3 Ra7 39. Qxf6 Qa1+ 40. Kc2 Rc8+ 41. Nc5 Qxe1 42. Qf3 Re7 43. Nc4 Bxc4 44. bxc4 Ra7 45. Qd5+ Kh8 46. Rf3 Qe2+ 47. Kb1 Qd1+ 0-1

[Event "SVK-chT2A 1617"]
[Site "Slovakia"]
[Date "2017.02.11"]
[Round "8.8"]
[White "Meszaros, Lorant"]
[Black "Holicky, Miroslav"]
[Result "0-1"]
[WhiteElo "2015"]
[BlackElo "1781"]
[PlyCount "82"]
[EventDate "2016.10.08"]
[EventType "team-tourn"]
[EventRounds "11"]
[EventCountry "SVK"]
[SourceTitle "EXT 2018"]
[Source "ChessBase"]
[SourceDate "2017.10.13"]
[SourceVersion "1"]
[SourceVersionDate "2017.10.13"]
[SourceQuality "1"]
[WhiteTeam "Potonska Veza"]
[BlackTeam "Trnava Lokomotiva II"]
[WhiteTeamCountry "SVK"]
[BlackTeamCountry "SVK"]

1. d4 b5 2. Bg5 Nf6 3. Bxf6 exf6 4. e4 a6 5. Nd2 d5 6. Bd3 Bb7 7. Ne2 Be7 8. 0-0 0-0 9. c3 c5 10. exd5 Bxd5 11. Nf4 Bb7 12. Be4 Qc7 13. Nd5 Bxd5 14. Bxd5 Ra7 15. Nf3 Nd7 16. Re1 Nb6 17. Be4 Rd8 18. Qe2 Bd6 19. Rad1 Qc8 20. Qd3 g6 21. dxc5 Qxc5 22. Nd4 Rad7 23. Qf3 Be5 24. Nb3 Qc7 25. g3 Nc4 26. Rxd7 Rxd7 27. Qe2 Kg7 28. Kg2 Qb6 29. h4 a5 30. f4 Bb8 31. Nd4 Ba7 32. Bf3 Qc5 33. h5 b4 34. hxg6 hxg6 35. Qe8 Rxd4 36. cxd4 Qxd4 37. Qe2 Nxb2 38. Kh3 a4 39. Qc2 Qd3 40. Qxb2 Qxf3 41. Qxb4 Bf2 0-1

[Event "SVK-chT4 A22 1617"]
[Site "Slovakia"]
[Date "2016.12.18"]
[Round "6.2"]
[White "Holicky, Miroslav"]
[Black "Janas, Peter"]
[Result "1-0"]
[WhiteElo "1776"]
[BlackElo "1711"]
[PlyCount "125"]
[EventDate "2016.10.09"]
[EventType "team-tourn"]
[EventRounds "11"]
[EventCountry "SVK"]
[SourceTitle "EXT 2020"]
[Source "ChessBase"]
[SourceDate "2019.10.17"]
[SourceVersion "1"]
[SourceVersionDate "2019.10.17"]
[SourceQuality "1"]

1. d4 Nf6 2. c4 g6 3. g3 c6 4. Bg2 d5 5. Nf3 Bg7 6. 0-0 0-0 7. b3 Ne4 8. Bb2 Be6 9. Nbd2 Nxd2 10. Nxd2 Nd7 11. e4 Nf6 12. Re1 Nxe4 13. Nxe4 dxe4 14. Bxe4 Qd7 15. Qd2 Rfd8 16. Rad1 Bg4 17. f3 Bf5 18. Qf2 Bxe4 19. fxe4 Rf8 20. Kg2 Rad8 21. e5 e6 22. Ba3 Rfe8 23. Rf1 Bf8 24. Bb2 Qc7 25. Qf6 Bg7 26. Qf2 b6 27. Rd3 Rd7 28. Rf3 Bf8 29. Rf6 Bg7 30. Qe3 Qb7 31. Kg1 Bf8 32. Qe4 c5 33. Qxb7 Rxb7 34. d5 exd5 35. cxd5 Bg7 36. Rd6 Bxe5 37. Bxe5 Rxe5 38. Rd8+ Kg7 39. Rd1 Ree7 40. d6 Red7 41. Rc8 Kf6 42. Kf2 Kf5 43. Kf3 h5 44. Re8 Kg5 45. Ke4 f5+ 46. Ke5 Rf7 47. h4+ Kg4 48. Ke6 Kxg3 49. Rg1+ Kf2 50. Rxg6 f4 51. Re7 Rbxe7+ 52. dxe7 Rxe7+ 53. Kxe7 f3 54. Rg5 Ke2 55. Rxh5 f2 56. Re5+ Kd3 57. Rf5 Ke2 58. h5 f1Q 59. Rxf1 Kxf1 60. h6 b5 61. h7 c4 62. bxc4 bxc4 63. h8Q 1-0

[Event "EU Amateur-ch"]
[Site "Ruzomberok"]
[Date "2016.06.11"]
[Round "8"]
[White "Polko, Pavol"]
[Black "Holicky, Miroslav"]
[Result "1-0"]
[WhiteElo "1673"]
[BlackElo "1803"]
[PlyCount "85"]
[EventDate "2016.06.06"]
[EventType "swiss"]
[EventRounds "9"]
[EventCountry "SVK"]
[SourceTitle "CBM 172 Extra"]
[Source "ChessBase"]
[SourceDate "2016.06.21"]
[SourceVersion "1"]
[SourceVersionDate "2016.06.21"]
[SourceQuality "1"]

1. d4 f5 2. Bg5 Nf6 3. Nd2 Nc6 4. c3 g6 5. Bxf6 exf6 6. e3 d5 7. Bb5 Qd6 8. Ne2 Bh6 9. g3 Bd7 10. Nf4 0-0-0 11. Qe2 g5 12. Nd3 f4 13. Nc5 fxe3 14. fxe3 g4 15. Nf1 Rhe8 16. Ba6 Na5 17. Nxd7 Rxd7 18. Bd3 Kb8 19. 0-0-0 Rde7 20. Qxg4 Bxe3+ 21. Nxe3 Rxe3 22. Kc2 Nc4 23. Rhe1 b5 24. Rf1 Re2+ 25. Kc1 R2e3 26. Bxc4 dxc4 27. Qf5 Qa6 28. Kb1 Qa4 29. Qc2 Qa6 30. Rd2 Qc6 31. d5 Qc5 32. Rfd1 h5 33. Qf5 b4 34. Qxf6 Re1 35. d6 R8e6 36. d7 Qc6 37. Qd8+ Kb7 38. Qc8+ Kb6 39. d8Q b3 40. Qb8+ Ka6 41. Qdc8+ Ka5 42. Qxa7+ Kb5 43. a4# 1-0